000 00923nam a2200253 a 4500
001 000036369
005 20200930075707.0
008 120116s1999 dr 000 0 spa d
040 _aDO-SdBNP
_bspa
_cBNPHU
041 1 7 _aspa
_heng
082 _a342.729402
_bH153c, 1987
110 1 _aHaití.
_959983
240 1 0 _aConstitución (1987)
245 1 0 _aConstitution de la Republique d' Haiti 1987 = Constitución de la República de Haití 1987 /
_ctraducción del francés Alfonso Lockward.
250 _aEd. bilingüe
260 _aSanto Domingo :
_bAmbassade d´Haiti,
_c1999.
300 _a148 p. ;
_c22 cm.
546 _aTexto en español y francés.
590 _aInventariado, 2018/ YL
651 4 _aHaití
_xConstitución (1987{Rpara}
_962558
651 4 _aHaití
_xDerecho Constitucional
_931018
700 1 _aLockward Pérez, Jorge Alfonso,
_d1937-2001,
_etr.
_92059
910 _aValidado. Control de calidad EMS
999 _c35860
_d35860